Cartoonfiguren mit L - Statistiken

Allgemein
  • Dieses Quiz wurde 70 mal gespielt
  • Das Durchschnittsergebnis liegt bei 9 aus 15
Antwortstatistiken
Bildquiz Antwort % Korrekt
Lucky Luke
98%
Luigi
94%
Lisa Simpson
88%
Laura
83%
Lightning McQueen
78%
Lilo
78%
Leonardo
72%
Link
65%
Littlefoot
57%
Loki
37%
Hexe Lilli
34%
Monkey D. Luffy
31%
Light Yagami
23%
Lupo
18%
Lucy Heartfilia
14%
Keine übereinstimmenden Quizze gefunden
Verteilung der Resultate
Anzahl Personen mit jedem Resultat
Perzentil nach korrekt beantworteten Fragen
Ihre Resultats-Entwicklung
Sie haben dieses Quiz noch nicht gespielt